000
00319nam a2200133Ia 4500
008
230818s1986 xx 000 0 und d
041
_a
eng
100
_a
Jay J
245
_a
Modern Food Microbiology
260
_b
C.B.S.Publication
_c
1986
300
_a
642p
520
_a
General | Hard Board
999
_c
853610
_d
853610
650
_a
Food Safety